000 00644nam a2200253Ia 4500
003 OSt
005 20220918194843.0
006 a|||||r|||| 00| 0
007 ta
008 220917b |||||||| |||| 00| 0 eng d
024 _a82,009
037 _cTextual
040 _aARTS
_cARTS
_beng
041 _2eng
_aeng
082 _aS:7:7, K84
100 _aKing Paul T
_987524
245 0 _aEgo psychology in counseling
260 _c1968
490 _aGuidance monograph series
650 _aPSYCHOLOGY
700 _a Neal Robert
_987525
942 _hS:7:7, K84
_cTEXL
_2CC
999 _c205731
_d205731